| 000 | 00453nam a2200169Ia 4500 | ||
|---|---|---|---|
| 008 | 230711s9999||||xx |||||||||||||| ||und|| | ||
| 041 | _aENG | ||
| 082 |
_a624 _bPR-A |
||
| 100 | _aPrakash,Shamsher | ||
| 245 | 0 | _aAnalysis and design of structure foundation and retaining | |
| 250 | _a2nd . Ed. | ||
| 260 |
_c1987 _aNew Delhi _bStandard Publishing Distributors |
||
| 300 | _a703 | ||
| 650 | _aCivil Engineering | ||
| 700 | _aRanjan,Gopal | ||
| 942 | _cBK | ||
| 999 |
_c3789 _d3789 |
||